[Event "Asian Cities-chT"]
[Site "Khanty-Mansiysk"]
[Date "2024.04.24"]
[Round "4.3"]
[White "Al Ali, Hussein Ali Hussein"]
[Black "Titarov, Vasilii"]
[Result "1/2-1/2"]
[WhiteElo "2205"]
[BlackElo "2093"]
[PlyCount "74"]
[EventDate "2024.04.21"]
[EventType "team-swiss"]
[EventRounds "9"]
[EventCountry "RUS"]
[SourceTitle "CB18_2024"]
[SourceDate "2024.05.01"]
[SourceVersion "1"]
[SourceVersionDate "2024.05.01"]
[SourceQuality "2"]
[WhiteTeam "Baghdad"]
[BlackTeam "Moscow"]
[WhiteTeamCountry "IRQ"]
[BlackTeamCountry "RUS"]

1. e4 e6 2. d4 d5 3. e5 c5 4. c3 Nc6 5. Nf3 Qb6 6. a3 Nh6 7. Bd3 cxd4 8. 0-0 Bd7 9. b4 a6 10. Qe2 Nf5 11. c4 dxc4 12. Bxc4 Be7 13. Bd3 Qc7 14. Nbd2 Nh4 15. Nxh4 Bxh4 16. f4 Be7 17. Bb2 g6 18. Rac1 Qd8 19. Ne4 0-0 20. Nc5 Bxc5 21. Rxc5 Ne7 22. Qf2 Bc6 23. Rd1 Nf5 24. Bxf5 exf5 25. Rxd4 Qe7 26. Rc2 Rad8 27. Rcd2 Rxd4 28. Qxd4 Qe6 29. h3 Be4 30. Kh2 Rc8 31. Qf2 h6 32. Bd4 Rd8 33. Qh4 g5 34. Qg3 Qg6 35. Be3 Rxd2 36. Bxd2 gxf4 37. Qf2 Qg3+ 1/2-1/2

[Event "IRQ-ch"]
[Site "Sulaymaniyah"]
[Date "2023.10.29"]
[Round "7"]
[White "Al Ali, Hussein Ali Hussein"]
[Black "Abbas, Hussein Kzar"]
[Result "1/2-1/2"]
[WhiteElo "2192"]
[BlackElo "1931"]
[PlyCount "127"]
[EventDate "2023.10.25"]
[EventType "tourn"]
[EventRounds "11"]
[EventCountry "IRQ"]
[SourceTitle "Mega2024 Update 01"]
[Source "Chessbase"]
[SourceDate "2023.11.12"]
[SourceVersion "1"]
[SourceVersionDate "2023.11.12"]
[SourceQuality "1"]

1. d4 Nf6 2. Bg5 g6 3. Bxf6 exf6 4. e3 Bg7 5. h4 h5 6. g3 d5 7. Bg2 c6 8. Ne2 Bf5 9. Nd2 Nd7 10. 0-0 Nb6 11. Nf4 Bh6 12. Re1 Kf8 13. b3 Kg7 14. Nd3 Nc8 15. Nc5 Nd6 16. c4 b6 17. Na4 Ne4 18. cxd5 cxd5 19. Nxe4 Bxe4 20. Nc3 Bxg2 21. Kxg2 Qd7 22. Qf3 Rhd8 23. Rac1 Rac8 24. Ne2 Qb5 25. Rxc8 Rxc8 26. Rc1 Rxc1 27. Nxc1 Qa5 28. Qd1 Kh7 29. Qc2 Bf8 30. Nd3 Kg7 31. a4 Qa6 32. Qc3 Bd6 33. Qc2 Qb7 34. Nc1 Qd7 35. Ne2 g5 36. f3 Bb4 37. Qd3 Qc8 38. e4 dxe4 39. Qxe4 Bd6 40. hxg5 fxg5 41. Qd5 Be7 42. Qe5+ Bf6 43. Qe4 Qe6 44. Qd3 Qd5 45. Qc4 Qf5 46. d5 h4 47. Qe4 Qxe4 48. fxe4 g4 49. gxh4 Bxh4 50. Nd4 Kf6 51. Nc6 a6 52. Kh2 Kg5 53. e5 Kf4 54. Kg2 Ke4 55. e6 fxe6 56. dxe6 Kd5 57. e7 Bxe7 58. Nxe7+ Kc5 59. Kg3 Kb4 60. Nd5+ Kxb3 61. Nxb6 Kb4 62. Kxg4 Ka5 63. Nd7 Kxa4 64. Nc5+ 1/2-1/2

[Event "Olomouc op 23rd"]
[Site "Olomouc"]
[Date "2022.08.16"]
[Round "5"]
[White "Al Ali, Hussein Ali Hussein"]
[Black "Marek, Matyas"]
[Result "1/2-1/2"]
[WhiteElo "2235"]
[BlackElo "2353"]
[PlyCount "29"]
[EventDate "2022.08.13"]
[EventType "swiss"]
[EventRounds "9"]
[EventCountry "CZE"]
[SourceTitle "CBM 209 Extra"]
[Source "ChessBase"]
[SourceDate "2022.09.30"]
[SourceVersion "1"]
[SourceVersionDate "2022.09.30"]
[SourceQuality "1"]

1. e4 e5 2. Nf3 Nf6 3. Nc3 Bb4 4. a3 Bxc3 5. dxc3 d6 6. Nd2 Be6 7. c4 Nbd7 8. c3 0-0 9. Be2 a5 10. a4 Nc5 11. Qc2 Qd7 12. 0-0 Qc6 13. Bf3 Qb6 14. Rb1 Nfd7 15. b4 1/2-1/2

[Event "IRQ-ch"]
[Site "Baghdad"]
[Date "2021.11.01"]
[Round "7"]
[White "Mohammed, Zozek Salah Mohamme"]
[Black "Al Ali, Hussein Ali Hussein"]
[Result "1/2-1/2"]
[WhiteElo "2247"]
[BlackElo "2277"]
[PlyCount "24"]
[EventDate "2021.10.28"]
[EventType "tourn"]
[EventRounds "9"]
[EventCountry "IRQ"]
[SourceTitle "EXT 2023"]
[Source "ChessBase"]
[SourceDate "2022.10.05"]
[SourceVersion "1"]
[SourceVersionDate "2022.10.05"]
[SourceQuality "1"]

1. d4 d5 2. c4 c6 3. cxd5 cxd5 4. Nc3 Nc6 5. Nf3 Nf6 6. Bf4 e6 7. e3 Bd6 8. Bxd6 Qxd6 9. Bb5 Bd7 10. 0-0 0-0 11. Rc1 Rfc8 12. Qa4 a6 1/2-1/2

[Event "Online Olym Div2 B"]
[Site "Chess.com INT"]
[Date "2021.09.04"]
[Round "9.5"]
[White "Al Ali, Hussein Ali Hussein"]
[Black "Vorobjov, Pavel"]
[Result "0-1"]
[WhiteElo "2277"]
[BlackElo "2293"]
[PlyCount "86"]
[EventDate "2021.09.02"]
[EventType "team (rapid)"]
[EventRounds "9"]
[EventCountry "USA"]
[SourceTitle "CBM 204 Extra"]
[Source "ChessBase"]
[SourceDate "2021.11.30"]
[SourceVersion "1"]
[SourceVersionDate "2021.11.30"]
[SourceQuality "1"]
[WhiteTeam "Iraq"]
[BlackTeam "Estonia"]
[WhiteTeamCountry "IRQ"]
[BlackTeamCountry "EST"]

1. e4 c5 2. Nf3 Nc6 3. Bb5 e6 4. Bxc6 bxc6 5. e5 f6 6. d3 Ne7 7. Nc3 Ng6 8. Qe2 Qc7 9. exf6 gxf6 10. h4 h5 11. g3 d5 12. Bd2 e5 13. Nh2 Bd7 14. 0-0-0 0-0-0 15. Kb1 Bd6 16. Qf3 f5 17. Bg5 Rdf8 18. Rhg1 Be6 19. Rde1 Qa5 20. Nd1 Kc7 21. Qe2 d4 22. c4 f4 23. gxf4 Nxf4 24. Bxf4 Rxf4 25. Rg7+ Kc8 26. Reg1 Bf5 27. f3 Rxh4 28. Nf1 Kb8 29. Ng3 Bh7 30. Rxh7 Rxh7 31. Nf5 Qd8 32. Nxh4 Qxh4 33. Qg2 Qe7 34. Nf2 h4 35. Nh3 Kb7 36. Qg4 Bc7 37. a3 Rf7 38. Ka2 Qf6 39. Ng5 Rg7 40. Qh5 Qf5 41. Qh6 Rg6 42. Qxh4 Qxd3 43. Rc1 Qe3 0-1

[Event "Online Olym Div2 B"]
[Site "Chess.com INT"]
[Date "2021.09.03"]
[Round "6.3"]
[White "Al Ali, Hussein Ali Hussein"]
[Black "Ragger, Markus"]
[Result "0-1"]
[WhiteElo "2277"]
[BlackElo "2665"]
[PlyCount "40"]
[EventDate "2021.09.02"]
[EventType "team (rapid)"]
[EventRounds "9"]
[EventCountry "USA"]
[SourceTitle "CBM 204 Extra"]
[Source "ChessBase"]
[SourceDate "2021.11.30"]
[SourceVersion "1"]
[SourceVersionDate "2021.11.30"]
[SourceQuality "1"]
[WhiteTeam "Iraq"]
[BlackTeam "Austria"]
[WhiteTeamCountry "IRQ"]
[BlackTeamCountry "AUT"]

1. e4 e5 2. Nf3 Nc6 3. Nc3 Nf6 4. g3 d5 5. exd5 Nxd5 6. Bg2 Nxc3 7. bxc3 Bc5 8. 0-0 0-0 9. d3 Bf5 10. Ng5 Qd7 11. Ne4 Bb6 12. Be3 Bh3 13. Bxh3 Qxh3 14. Nc5 f5 15. Qf3 f4 16. Qd5+ Kh8 17. gxf4 exf4 18. Bd4 Rf5 19. Bxg7+ Kxg7 20. Ne6+ Kh8 0-1

[Event "Asia Nations online Cup"]
[Site "Chess.com INT"]
[Date "2020.10.16"]
[Round "5.8"]
[White "Al Ali, Hussein Ali Hussein"]
[Black "Yussof, Pg Abd Rahman"]
[Result "1-0"]
[WhiteElo "2274"]
[BlackElo "1804"]
[PlyCount "75"]
[EventDate "2020.10.10"]
[EventType "team-swiss (rapid)"]
[EventRounds "9"]
[EventCountry "IND"]
[SourceTitle "CBM 198 Extra"]
[Source "ChessBase"]
[SourceDate "2020.11.30"]
[SourceVersion "1"]
[SourceVersionDate "2020.11.30"]
[SourceQuality "1"]
[WhiteTeam "Iraq"]
[BlackTeam "Brunei"]
[WhiteTeamCountry "IRQ"]
[BlackTeamCountry "BRN"]

1. e4 e5 2. Nf3 Nc6 3. Nc3 Bc5 4. g3 Nge7 5. Bg2 d6 6. 0-0 0-0 7. d3 f5 8. Na4 Bb6 9. Nxb6 axb6 10. h3 Kh8 11. c3 Qe8 12. Qe2 Qh5 13. Nd4 Qg6 14. Nxc6 bxc6 15. Kh2 Be6 16. b4 Rae8 17. a4 fxe4 18. dxe4 Qf6 19. Be3 Ng6 20. Qh5 Bc4 21. Rfe1 Qf7 22. a5 bxa5 23. bxa5 Ba6 24. Bf1 Ra8 25. Bxa6 Rxa6 26. Ra3 Rfa8 27. Rea1 c5 28. Qe2 Nf8 29. Qd3 Qf3 30. Qd5 h5 31. c4 Nh7 32. Bxc5 Qf6 33. Be3 Ng5 34. Bxg5 Qxg5 35. Rf3 h4 36. g4 Rc8 37. Rf5 Qg6 38. Rh5+ 1-0

[Event "Online Olym Div3 C"]
[Site "Chess.com INT"]
[Date "2020.08.09"]
[Round "7.3"]
[White "Al Ali, Hussein Ali Hussein"]
[Black "Kulpruethanon, Thanadon"]
[Result "1-0"]
[WhiteElo "2231"]
[BlackElo "2282"]
[PlyCount "79"]
[EventDate "2020.08.07"]
[EventType "team-tourn (rapid)"]
[EventRounds "9"]
[EventCountry "USA"]
[SourceTitle "CBM 198"]
[Source "ChessBase"]
[SourceDate "2020.10.31"]
[SourceVersion "1"]
[SourceVersionDate "2020.10.31"]
[SourceQuality "1"]
[WhiteTeam "Iraq"]
[BlackTeam "Thailand"]
[WhiteTeamCountry "IRQ"]
[BlackTeamCountry "THA"]

1. d4 Nf6 2. c4 c5 3. d5 e6 4. Nc3 exd5 5. cxd5 d6 6. e4 g6 7. h3 Bg7 8. Nf3 a6 9. a4 Nbd7 10. Bd3 Nh5 11. 0-0 Ne5 12. Be2 Nxf3+ 13. Bxf3 Qh4 14. Bxh5 gxh5 15. Qd3 Rg8 16. Kh2 Bd7 17. f4 0-0-0 18. Bd2 Bd4 19. Be1 Qf6 20. Ne2 Qg6 21. g3 Bh8 22. f5 Qh6 23. Bd2 Qf8 24. Ra3 Be5 25. Kh1 Qe7 26. b4 c4 27. Qxc4+ Kb8 28. Qd3 Rc8 29. b5 axb5 30. axb5 Rc5 31. b6 Bb5 32. Qf3 Rc2 33. Rd1 h4 34. Qb3 Bxe2 35. Qxc2 Bxd1 36. Qxd1 Bxg3 37. Qa4 Kc8 38. Rc3+ Kd8 39. Qa8+ Kd7 40. Rc7# 1-0

[Event "Online Olym Div3 C"]
[Site "Chess.com INT"]
[Date "2020.08.07"]
[Round "1.5"]
[White "Al Ali, Hussein Ali Hussein"]
[Black "Darmanin, Jake"]
[Result "1-0"]
[WhiteElo "2231"]
[BlackElo "2045"]
[PlyCount "117"]
[EventDate "2020.08.07"]
[EventType "team-tourn (rapid)"]
[EventRounds "9"]
[EventCountry "USA"]
[SourceTitle "CBM 198"]
[Source "ChessBase"]
[SourceDate "2020.10.31"]
[SourceVersion "1"]
[SourceVersionDate "2020.10.31"]
[SourceQuality "1"]
[WhiteTeam "Iraq"]
[BlackTeam "Malta"]
[WhiteTeamCountry "IRQ"]
[BlackTeamCountry "MLT"]

1. d4 g6 2. c4 Bg7 3. Nc3 c5 4. Nf3 cxd4 5. Nxd4 Nc6 6. Nc2 Nf6 7. e4 0-0 8. Be2 b6 9. 0-0 Bb7 10. f3 d6 11. Be3 Rc8 12. Qd2 Re8 13. Rac1 Qc7 14. Nd5 Qb8 15. b3 e6 16. Nxf6+ Bxf6 17. Rfd1 Rcd8 18. Bg5 Bxg5 19. Qxg5 Ne7 20. Ne3 Kg7 21. Rd2 Qc7 22. b4 a5 23. a3 h6 24. Qg3 axb4 25. axb4 Kh7 26. Rcd1 e5 27. Ng4 Ng8 28. Qh4 Bc8 29. Ne3 Be6 30. f4 exf4 31. Qxf4 Ne7 32. Ng4 Ng8 33. Rxd6 Rxd6 34. Qxd6 Qxd6 35. Rxd6 Bxg4 36. Bxg4 Rxe4 37. Bf3 Rxc4 38. Rxb6 Rc2 39. Rb7 Rc1+ 40. Kf2 Rc2+ 41. Ke3 h5 42. Rxf7+ Kh6 43. b5 Rb2 44. Rb7 Nf6 45. b6 g5 46. h3 g4 47. hxg4 hxg4 48. Bc6 Kg5 49. Rb8 Rc2 50. Ba8 Rb2 51. b7 Nd5+ 52. Kd4 Ne7 53. Re8 Kf6 54. b8Q Rd2+ 55. Kc3 Rd7 56. Qf4+ Ke6 57. Qe3+ Kd6 58. Qf4+ Kc5 59. Qb4# 1-0

[Event "Asia Nations Cup rapid"]
[Site "Hamedan"]
[Date "2018.07.27"]
[Round "1"]
[White "Nguyen, Duc Hoa"]
[Black "Al Ali, Hussein Ali Hussein"]
[Result "1-0"]
[WhiteElo "2490"]
[BlackElo "2270"]
[PlyCount "85"]
[EventDate "2018.07.27"]
[EventType "team-swiss (rapid)"]
[EventRounds "7"]
[EventCountry "IRI"]
[SourceTitle "CBM 186 Extra"]
[Source "ChessBase"]
[SourceDate "2018.08.24"]
[SourceVersion "1"]
[SourceVersionDate "2018.08.24"]
[SourceQuality "1"]

1. d4 d5 2. c4 c6 3. Nf3 Nf6 4. Nc3 e6 5. g3 Nbd7 6. Bg2 Bd6 7. 0-0 0-0 8. Nd2 Bc7 9. e4 dxe4 10. Ndxe4 Re8 11. Re1 h6 12. Be3 Rb8 13. Rc1 Nb6 14. b3 e5 15. Nxf6+ Qxf6 16. d5 Bf5 17. d6 Bd8 18. Qd2 Qg6 19. h3 h5 20. c5 Nd7 21. b4 Bf6 22. Ne2 Nf8 23. a4 a6 24. f3 Bd7 25. Kh2 Ne6 26. f4 h4 27. g4 exf4 28. Nxf4 Be5 29. Kh1 Nxf4 30. Bxf4 Bxf4 31. Qxf4 Qd3 32. Rf1 Be6 33. Rf3 Qg6 34. Re3 Bd5 35. Bxd5 cxd5 36. Rce1 Re6 37. Rxe6 fxe6 38. Qe3 Re8 39. b5 axb5 40. axb5 e5 41. Qb3 Qe6 42. Rd1 d4 43. Qxe6+ 1-0

[Event "IRQ-ch"]
[Site "Baghdad"]
[Date "2018.07.03"]
[Round "9"]
[White "Ahmed, Jaza Jamal"]
[Black "Al Ali, Hussein Ali Hussein"]
[Result "0-1"]
[WhiteElo "2066"]
[BlackElo "2267"]
[PlyCount "120"]
[EventDate "2018.06.27"]
[EventType "swiss"]
[EventRounds "11"]
[EventCountry "IRQ"]
[SourceTitle "EXT 2019"]
[Source "ChessBase"]
[SourceDate "2018.10.10"]
[SourceVersion "1"]
[SourceVersionDate "2018.10.10"]
[SourceQuality "1"]

1. e4 c5 2. Nf3 a6 3. c4 e6 4. Nc3 Nc6 5. d4 cxd4 6. Nxd4 Nf6 7. a3 d6 8. Be2 Be7 9. 0-0 Bd7 10. Be3 Rc8 11. f3 0-0 12. Nxc6 Bxc6 13. Qd2 Qc7 14. b4 Rfd8 15. Rfc1 d5 16. cxd5 exd5 17. exd5 Nxd5 18. Nxd5 Rxd5 19. Qxd5 Bxd5 20. Rxc7 Rxc7 21. Rc1 Rxc1+ 22. Bxc1 Bf6 23. Kf2 Kf8 24. Bd2 b5 25. Bd1 Bc6 26. Ke3 Be5 27. g3 f5 28. f4 Bb2 29. g4 Bd7 30. Bc2 g6 31. gxf5 Bxf5 32. Bxf5 gxf5 33. Kd3 Ke7 34. Bc3 Bxa3 35. Kc2 Kd7 36. Bd2 a5 37. bxa5 Kc6 38. Be3 Kb7 39. Kd3 Bb2 40. Bc5 Ka6 41. Bb6 Kb7 42. Bc5 Bf6 43. Bb4 Ka6 44. Bd2 Bb2 45. h3 Bg7 46. h4 h5 47. Bb4 Ba1 48. Be1 Bf6 49. Ke3 Bd8 50. Kd4 Bxa5 51. Bg3 Bc7 52. Kd5 b4 53. Kc4 Bd6 54. Be1 Ka5 55. Kd5 Be7 56. Kc4 Ka4 57. Bd2 b3 58. Bc3 Bd6 59. Kd5 Bxf4 60. Ke6 Bd2 0-1

[Event "IRQ-ch"]
[Site "Baghdad"]
[Date "2018.07.01"]
[Round "7"]
[White "Taleb, Salem Hatam"]
[Black "Al Ali, Hussein Ali Hussein"]
[Result "1/2-1/2"]
[WhiteElo "2071"]
[BlackElo "2267"]
[PlyCount "110"]
[EventDate "2018.06.27"]
[EventType "swiss"]
[EventRounds "11"]
[EventCountry "IRQ"]
[SourceTitle "EXT 2019"]
[Source "ChessBase"]
[SourceDate "2018.10.10"]
[SourceVersion "1"]
[SourceVersionDate "2018.10.10"]
[SourceQuality "1"]

1. d4 d6 2. Nc3 Nf6 3. e4 c6 4. f4 Bg4 5. Qd3 g6 6. h3 Bc8 7. g4 Bg7 8. Nf3 b5 9. e5 dxe5 10. dxe5 Nfd7 11. Be3 Qa5 12. Qd2 Nb6 13. Ne4 Qxd2+ 14. Bxd2 Na6 15. Bd3 h5 16. Rg1 hxg4 17. hxg4 Na4 18. 0-0-0 N4c5 19. Nxc5 Nxc5 20. Be2 Be6 21. Be3 Na4 22. Nd4 Bd7 23. Bf3 Rc8 24. Rh1 Rxh1 25. Rxh1 c5 26. Nb3 g5 27. Na5 Nb6 28. Rh5 gxf4 29. Bxf4 Kf8 30. Rh1 Be6 31. Rd1 Nc4 32. Nc6 a6 33. b3 Nb6 34. Bg5 f6 35. exf6 exf6 36. Be3 Nd7 37. Rd6 Kf7 38. Na7 Rh8 39. Bd5 Nf8 40. Bxc5 Bxd5 41. Rxd5 Rh1+ 42. Kd2 Rh2+ 43. Kd1 Rg2 44. Rd6 Bh6 45. Rxa6 Ne6 46. b4 Rd2+ 47. Ke1 Rxc2 48. Nxb5 Nxc5 49. bxc5 Rxc5 50. Nd6+ Kg6 51. Ne4 Re5 52. Ra4 f5 53. gxf5+ Kxf5 54. Kd1 Rxe4 55. Rxe4 Kxe4 1/2-1/2